<?xml version="1.0" encoding="UTF-8"?>
<collection xmlns="http://www.loc.gov/MARC21/slim">
 <record>
  <leader>01128pamaa2200253   4500</leader>
  <controlfield tag="001">0000049490</controlfield>
  <controlfield tag="005">20130815090000.0</controlfield>
  <controlfield tag="008">110817                             eng  </controlfield>
  <datafield tag="020" ind1="0" ind2="0">
   <subfield code="a">9780443068126 (pbk.) </subfield>
  </datafield>
  <datafield tag="090" ind1="0" ind2="0">
   <subfield code="a">RD732 </subfield>
   <subfield code="b">LOW 2009</subfield>
  </datafield>
  <datafield tag="100" ind1="1" ind2="0">
   <subfield code="a">Lowe </subfield>
  </datafield>
  <datafield tag="245" ind1="1" ind2="0">
   <subfield code="a">Orthopedic massage : </subfield>
   <subfield code="b">theory and technique  </subfield>
   <subfield code="c">Whitney W. Lowe; </subfield>
   <subfield code="f">foreword by Leon Chaitow.</subfield>
  </datafield>
  <datafield tag="250" ind1="0" ind2="0">
   <subfield code="a">2nd ed.</subfield>
  </datafield>
  <datafield tag="260" ind1="0" ind2="0">
   <subfield code="a">Edinburgh ; New York: </subfield>
   <subfield code="b">Mosby, </subfield>
   <subfield code="c">2009.</subfield>
  </datafield>
  <datafield tag="300" ind1=" " ind2=" ">
   <subfield code="a">xiii, 296 p.: </subfield>
   <subfield code="b">col. ill.; </subfield>
   <subfield code="c">25 cm.</subfield>
  </datafield>
  <datafield tag="501" ind1="0" ind2="0">
   <subfield code="a">FMHS</subfield>
  </datafield>
  <datafield tag="504" ind1="0" ind2="0">
   <subfield code="a">Includes bibliographical references and index</subfield>
  </datafield>
  <datafield tag="505" ind1="0" ind2="0">
   <subfield code="a">Introduction to orthopedic massage -- Understanding soft tissue injuries -- Thermal modalities as treatment aids -- Introduction to specific massage techniques - Physiological effects -- Foot, ankle, and lower leg -- Knee and thigh -- Hip and pelvis -- Lumbar and thoracic spine -- Cervical spine -- Shoulder -- Elbow, forearm, wrist, and hand</subfield>
  </datafield>
  <datafield tag="650" ind1="0" ind2="0">
   <subfield code="a">Massage therapy </subfield>
  </datafield>
  <datafield tag="650" ind1="0" ind2="0">
   <subfield code="a">Massage -- </subfield>
   <subfield code="x">methods </subfield>
  </datafield>
  <datafield tag="650" ind1="0" ind2="0">
   <subfield code="a">Orthopedics </subfield>
  </datafield>
  <datafield tag="650" ind1="0" ind2="0">
   <subfield code="a">Soft tissue injuries </subfield>
  </datafield>
  <datafield tag="700" ind1="1" ind2="1">
   <subfield code="a">Soft Tissue Injuries </subfield>
  </datafield>
  <datafield tag="901" ind1=" " ind2=" ">
   <subfield code="u">http://www.elsevierhealth.com</subfield>
  </datafield>
 </record>
</collection>
